The Office Trivia #M - Statistics

General Stats
  • This quiz has been taken 41 times
  • The average score is 9 of 15
Answer Stats
Hint Answer % Correct
Regional Manager of the Dunder Mifflin Scranton branch Michael Scott
100%
Dwights Cousin Mose
97%
Works in Purchasing / Supplier relations Meredith
94%
Name of the Paper Company he founds after leaving Dunder Mifflin Michael Scott Paper Company
89%
Dwight and Andy are convinced an american-italian salesman is part of the Mafia
86%
Dwight takes over Jims desk to form __ __ Mega desk
66%
Phyllis organizes a __ themed Christmas once Moroccan
66%
Dwight delivers a speech, which is "influenced" manufactured by Jim and originally from this dictator Mussolini
66%
New York, New York! The city so nice, they named it twice. _________ is the other name. Manhatten
54%
Nickname of Pams grandmother Mee-Maw
54%
What her son calls Dwight, after purposely mishearing his name Mr. Poop
43%
Sucking up to Charles Miner, Stanley states that __ is his favorite Soccer player Diego Maradona
37%
Gay warehouse worker Matt
37%
Stanleys daughter Melissa
31%
Smile if you love __ __ Mens Prostate
29%
No matching quizzes found
Score Distribution
Percent of People with Each Score
Percentile by Number Answered
Your Score History
You have not taken this quiz